| 000 | 01024nac a22003011i 4500 | ||
|---|---|---|---|
| 003 | EG-ScBUE | ||
| 005 | 20230227035045.0 | ||
| 008 | 230227t1985 nyua f b 000 0 eng d | ||
| 020 | _a0020112408 | ||
| 040 |
_aEG-ScBUE _beng _erda _cEG-ScBUE _dEG-ScBUE |
||
| 082 | 0 | 4 |
_a745.61977 _bNEM _222 |
| 100 | 1 |
_aNemoy, Maury, _eauthor. |
|
| 245 | 1 | 0 |
_aCalligraphy : _bthe study of letterforms-italic / _cMaury Nemoy, Carol Selimah Nemoy ; text calligraphy by Terry Englehart. |
| 264 | 1 |
_aNew York : _bCollier Books, _c[1985] |
|
| 264 | 4 | _cc1985 | |
| 300 |
_axvi, 159 pages : _billustrations ; _c29 cm |
||
| 336 |
_2rdacontent _atext _btxt |
||
| 337 |
_2rdamedia _aunmediated _bn |
||
| 338 |
_2rdacarrier _avolume _bnc |
||
| 504 | _aIncludes bibliographical references. | ||
| 650 | 7 |
_aCalligraphy. _2BUEsh |
|
| 650 | 7 |
_aWriting, Italic. _2BUEsh |
|
| 653 | _bGGEN | ||
| 655 | _vReading book | ||
| 700 | 1 |
_aNemoy, Carol Selimah, _eauthor. |
|
| 700 | 1 |
_aEnglehart, Terry, _econtributor. |
|
| 942 |
_cBB _k745.61977 NEM _2ddc |
||
| 999 |
_c9631 _d9631 |
||